000 00971nam0a22002771 4500
001 rc\2228856
005 20250623065103.0
035 _a(NLR Aleph) 006646294
090 _a4746850
_c4746850
100 _a20110829d1978 |||y0rusy50 ca
101 0 _arus
102 _aRU
105 _ay z |||||
200 1 _aТехническое обслуживание машин, оборудования и приборов зарубежными фирмами
_eСб. ст.
_fПод ред. И.Н. Смелякова
205 _a2-е изд.
210 _aМосква
_cв/о "Внешторгреклама"
_d1978
702 1 _aСмеляков
_bИ.Н.
_4340
801 1 _aRU
_bELAR
_2rusmarc
801 0 _aRU
_bNLR
_gpsbo
830 _aЕсть в б-ке ТУ
830 _aИсточник: Кн. лет., 1979, в. 43, с. 48, № 40274
852 _aNLR
_jDesideratum
899 _aRuMoRGB
_jB 79-9/98
899 _aRuMoRGB
_jФ 1-79/12288
942 _cBOOK
980 _aNB